Prognostická štatistika

Guardado en:
Detalles Bibliográficos
Autor principal: Rublíková, Eva
Autor Corporativo: Vysoká škola ekonomická v Bratislave. Fakulta riadenia
Otros Autores: Hatrák, Michal
Formato: Libro
Lenguaje:eslovaco
Publicado: Bratislava Vysoká škola ekonomická 1985
Edición:1. vyd.
Etiquetas: Agregar Etiqueta
Sin Etiquetas, Sea el primero en etiquetar este registro!

MARC

LEADER 00000nam a2200000 4500
001 c025060
005 20230116121528.6
041 0 |a slo 
044 |a SK 
245 1 0 |a Prognostická štatistika  |c Eva Rublíková, Michal Hatrák 
250 |a 1. vyd. 
264 1 |a Bratislava  |b Vysoká škola ekonomická  |c 1985 
300 |a 160 s. 
100 1 |a Rublíková, Eva 
700 1 |a Hatrák, Michal 
710 2 |a Vysoká škola ekonomická v Bratislave. Fakulta riadenia